000 01059nam a22003011i 4500
001 105916
003 ES-MaACL
005 20250627063643.0
007 t|
008 060912s1977 sp r ||||0| spa d
020 _a84-85277-24-4
080 _a338.98:63(46)
080 _a329(46) PCE
100 1 _aÁlvarez, Santiago,
_d1913-2002
_9155286
245 1 3 _aEl Partido Comunista y el campo
_b: la evolución del problema agrario y la posición de los comunistas /
_c[por] Santiago Álvarez.
260 _aMadrid :
_bEdiciones de la Torre,
_c[1977]
300 _a258 p., 4 h. ;
_c17 cm.
490 1 _aProblemas del movimiento obrero ;
_v3
490 1 _aLibro Cícero / Política
500 _aÍndice.
610 2 7 _aPartido Comunista de España.
_96135
651 4 _aEspaña-
_xPolítica agraria.
_98394
830 0 _aProblemas del movimiento obrero ;
_v3
_9185122
830 0 _aLibro Cícero / Política
_9185123
852 _aES-MaACL
_jAND-937
_z- Biblioteca Juan Andrade
852 _aES-MaACL
_jA-7280
999 _c105916
_d105916